Cleveland Cavaliers Top 10 Leaders Playoffs - Statistics

General Stats
  • This quiz has been taken 476 times
    5 since last reset
  • The average score is 11 of 22
Answer Stats
Answer % Correct
Darius Garland
100%
Donovan Mitchell
100%
Evan Mobley
100%
Jarrett Allen
100%
LeBron James
100%
J.R. Smith
75%
Kevin Love
75%
Kyrie Irving
75%
Mark Price
75%
Tristan Thompson
75%
Brad Daugherty
50%
Larry Nance
50%
Zydrunas Ilgauskas
50%
Anderson Varejao
25%
Hot Rod Williams
25%
Mo Williams
25%
Craig Ehlo
0%
Daniel Gibson
0%
Delonte West
0%
Iman Shumpert
0%
Larry Hughes
0%
Timofey Mozgov
0%
No matching quizzes found
Score Distribution
Percent of People with Each Score
Percentile by Number Answered
Your Score History
You have not taken this quiz since the last reset